000 00302nam a2200121Ia 4500
008 191201s2015 xx 000 0 und d
100 _aGARG, S.K.
245 0 _aSoil Mechanics and Foundation Engineering
260 _aN. Delhi
_bKhanna
_c2015
300 _a1425
650 _aB.Tech(CE)
942 _2ddc
_cBK
999 _c6290
_d6290